| 000 | 01453cab a2200373 4500 | ||
|---|---|---|---|
| 001 | ABS67387 | ||
| 008 | 040106n2003 000 0 eng u | ||
| 035 | _a(Sirsi) u124715 | ||
| 100 | _aCreasey, S. | ||
| 245 | _aUK cash is going walkies. Could REITs stop the offshore exodus? | ||
| 260 | _c2003 | ||
| 490 |
_aProperty Week _v68(48) 5 December 2003, 38-41(4) |
||
| 520 | _aThe latest article in a campaign for a UK Real Estate Investment Trust (REIT). Presents the argument that due to UK tax, billions of pounds of British property is held offshore and that if government allowed a tax-transparent UK version of the real estate investment trust, investors would hold property onshore and benefit the UK economy. Also explores how Britain is lagging behind the rest of the world and briefly outlines property investment vehicles in America, France, Netherlands, Belgium, Australia, Japan, Singapore and South Korea. | ||
| 590 | _aABS | ||
| 650 | _aREITS | ||
| 650 | _aFRANCE | ||
| 650 | _aUNITED STATES | ||
| 650 | _aUNITED KINGDOM | ||
| 650 | _aAUSTRALIA | ||
| 650 | _aNETHERLANDS | ||
| 650 | _aBELGIUM | ||
| 650 | _aJAPAN | ||
| 650 | _aSINGAPORE | ||
| 650 | _aREPUBLIC OF KOREA | ||
| 650 | _aPROPERTY TRANSACTIONS | ||
| 650 | _aREITS | ||
| 650 | _aTAX EVASION | ||
| 650 | _aCAPITAL GAINS TAX | ||
| 650 | _aSTAMP DUTY | ||
| 650 | _aOFFSHORE TAX HAVENS | ||
| 650 | _aINVESTORS | ||
| 690 | _aTAXATION | ||
| 942 | _n0 | ||
| 999 |
_c74016 _d74016 |
||